असहकाराचे आंदोलन (Record no. 438145)

MARC details
000 -LEADER
fixed length control field 00493nam a2200145Ia 4500
008 - FIXED-LENGTH DATA ELEMENTS--GENERAL INFORMATION
fixed length control field 100122s9999 xx 000 0 und d
082 ## - DEWEY DECIMAL CLASSIFICATION NUMBER
Item number 64732
Classification number 954
100 ## - MAIN ENTRY--PERSONAL NAME
Personal name केळकर श्रीपाद
245 ## - TITLE STATEMENT
Title असहकाराचे आंदोलन
260 ## - PUBLICATION, DISTRIBUTION, ETC. (IMPRINT)
Name of publisher, distributor, etc कॉटिनेंटल प्रकाशन
Date of publication, distribution, etc 2003
300 ## - PHYSICAL DESCRIPTION
Extent 328
630 ## - SUBJECT ADDED ENTRY--UNIFORM TITLE
Uniform title असहकाराचे आंदोलन
730 ## - ADDED ENTRY--UNIFORM TITLE
Uniform title असहकाराचे आंदोलन
942 ## - ADDED ENTRY ELEMENTS (KOHA)
Koha item type Book
Holdings
Withdrawn status Lost status Damaged status Not for loan Home library Current library Date acquired Cost, normal purchase price Total Checkouts Full call number Barcode Date last seen Cost, replacement price Price effective from Koha item type Public note
        S.V. Pathak Library, Vile Parle S.V. Pathak Library, Vile Parle 04/10/2004 150.00   64732 SVPPARLE-64732 01/25/2010 150.00 01/25/2010 Book General NA